Six Sigma execution : (Record no. 1083)
[ view plain ]
| 000 -LEADER | |
|---|---|
| fixed length control field | 00669nam a2200193 ar4500 |
| 001 - CONTROL NUMBER | |
| control field | 1084 |
| 005 - DATE AND TIME OF LATEST TRANSACTION | |
| control field | 20221127090132.0 |
| 008 - FIXED-LENGTH DATA ELEMENTS--GENERAL INFORMATION | |
| fixed length control field | 081213s xxua 00110|eng d |
| 020 ## - INTERNATIONAL STANDARD BOOK NUMBER | |
| International Standard Book Number | 0071453644(hpb) : |
| Terms of availability | SR166.00 |
| 082 04 - DEWEY DECIMAL CLASSIFICATION NUMBER | |
| Classification number | 658.4013 |
| Item number | Ec57 2005 |
| 100 1# - MAIN ENTRY--PERSONAL NAME | |
| Personal name | Eckes, George. |
| 245 10 - TITLE STATEMENT | |
| Title | Six Sigma execution : |
| Remainder of title | how the world's greatest comapnies live and breathe Six Sigma / |
| Statement of responsibility, etc. | George Eckes. |
| 260 ## - PUBLICATION, DISTRIBUTION, ETC. | |
| Place of publication, distribution, etc. | New York : |
| Name of publisher, distributor, etc. | McGraw-Hill, |
| Date of publication, distribution, etc. | 2005. |
| 300 ## - PHYSICAL DESCRIPTION | |
| Extent | x, 278 p. : |
| Other physical details | ill. ; |
| Dimensions | 23 cm. |
| 504 ## - BIBLIOGRAPHY, ETC. NOTE | |
| Bibliography, etc. note | Includes bibl. references and index. |
| 650 #4 - SUBJECT ADDED ENTRY--TOPICAL TERM | |
| Topical term or geographic name entry element | Six sigma(Quality control standard). |
| 650 #4 - SUBJECT ADDED ENTRY--TOPICAL TERM | |
| Topical term or geographic name entry element | Quality control |
| General subdivision | Statistical methods. |
| 650 #4 - SUBJECT ADDED ENTRY--TOPICAL TERM | |
| Topical term or geographic name entry element | Production control. |
| Withdrawn status | Lost status | Source of classification or shelving scheme | Damaged status | Not for loan | Home library | Current library | Date acquired | Total Checkouts | Full call number | Barcode | Date last seen | Copy number | Price effective from | Koha item type |
|---|---|---|---|---|---|---|---|---|---|---|---|---|---|---|
| 11/27/2022 | 658.4013 Ec57 2005 | 1000000009880 | 11/27/2022 | C4 | 11/27/2022 | Book | ||||||||
| 11/27/2022 | 658.4013 Ec57 2005 | 1000000010794 | 11/27/2022 | C5 | 11/27/2022 | Book | ||||||||
| CENTRAL | CENTRAL | 11/27/2022 | 658.4013 Ec57 2005 | 1000000001656 | 11/27/2022 | C1 | 11/27/2022 | Book | ||||||
| CENTRAL | CENTRAL | 11/27/2022 | 658.4013 Ec57 2005 | 1000000001657 | 11/27/2022 | C2 | 11/27/2022 | Book | ||||||
| KHOBAR | KHOBAR | 11/27/2022 | 658.4013 Ec57 2005 | 1000000003636 | 11/27/2022 | C3 | 11/27/2022 | Book |
